00649cam a22001933a 450000100060000000300060000600500170001200800410002904000150007004200070008510000290009224501660012126000290028750600300031651600200034670000180036683000290038485600420041344714PGUSA20140828084024.0140119s2014||||xxu|||||s|||||000 | eng d aPGUSAbeng adc1 aVerne, Jules,d1828-190510aI Viaggi di Marco Polo :bUnica versione originale fedelmente riscontrata sul codice magliabeccano e sulle opere di Chartonh[electronic resource] /cJules Verne bProject Gutenberg,c2014 aPublic domain in the USA. aElectronic text1 aColombo, Ezio 0aProject Gutenbergv4471440uhttp://www.gutenberg.org/ebooks/44714